000
00324nam a2200133Ia 4500
008
191201s2010 xx 000 0 und d
100
_a
SHARMA, Robin
245
0
_a
Who Will Cry When You Die?
250
_a
56th IMP
260
_a
N. Delhi
_b
Jaico Publication House
_c
2010
300
_a
225
650
_a
BBA
942
_2
ddc
_c
BK
999
_c
4473
_d
4473